| 000 | 00403nam a2200133Ia 4500 | ||
|---|---|---|---|
| 005 | 20260328101450.0 | ||
| 008 | 260328s9999||||xx |||||||||||||| ||und|| | ||
| 100 | _aFuentes Hernández, Pablo | ||
| 245 | 0 |
_aAntecedentes de la Arquitectura Moderna en Chile 1894-1929 / _cPablo Fuentes Hernández |
|
| 260 | _bUniversidad del Bío-Bío | ||
| 300 | _a229 p. | ||
| 650 | _aARQUITECTURA REGIONAL | ||
| 942 | _cBK | ||
| 999 |
_c8604 _d8604 |
||